| 000 | 00626nam a2200205 4500 | ||
|---|---|---|---|
| 001 | 123928 | ||
| 003 | ES-MaACL | ||
| 005 | 20230906192257.0 | ||
| 007 | t| | ||
| 008 | 070214s1980 sp r ||||1| spa d | ||
| 100 | 1 |
_aRamos Gascón, Francisco Javier. _995318 |
|
| 245 | 1 | 3 |
_aEl sistema financiero español / _cpor F. Javier Ramos Gascón. |
| 260 |
_aMadrid : _bInstituto de Estudios Económicos, _c1980. |
||
| 300 |
_a109 p. ; _c30 cm. |
||
| 490 | 1 | _aInformes | |
| 710 | 0 | 0 |
_aInstituto de Estudios Económicos (Madrid) _94899 |
| 830 | 0 |
_aInformes _9182704 |
|
| 852 |
_aES-MaACL _jL-473 _bR.101334 |
||
| 999 |
_c123928 _d123928 |
||